Elden Ring Talismans - Statistics

General Stats
  • This quiz has been taken 9 times
  • The average score is 46 of 155
Answer Stats
Hint Answer % Correct
Raises maximum FP by 7% Cerulean Amber Medallion
75%
Raises maximum HP by 6% Crimson Amber Medallion
75%
Raises Mind, Intelligent, Faith, and Arcane by 3,but increases all damage taken by 10% Marika's Scarseal
75%
Raises Vigor, Endurance, Strength, and Dexterity by 3, but increases all damage taken by 10% Radagon's Scarseal
75%
Restores 2 HP/sec Blessed Dew Talisman
63%
Raises maximum FP by 9% Cerulean Amber Medallion +1
63%
Raises maximum FP by 11% Cerulean Amber Medallion +2
63%
(DLC) Raises maximum FP by 12.5% Cerulean Amber Medallion +3
63%
Enhances jump attacks by 15% Claw Talisman
63%
Raises maximum HP by 7% Crimson Amber Medallion +1
63%
Raises maximum HP by 8% Crimson Amber Medallion +2
63%
(DLC) Raises maximum HP by 10% Crimson Amber Medallion +3
63%
Enhances charged Spells and Skills by 15% Godfrey Icon
63%
Raises Mind, Intelligent, Faith, and Arcane by 5, but increases all damage taken by 15% Marika's Soreseal
63%
Shortens Spell casting time Radagon Icon
63%
Raises Vigor, Endurance, Strength, andDexterity by 5, but increases all damage taken by 15% Radagon's Soreseal
63%
Boosts the attack power of Skills by 15% Shard of Alexander
63%
Boosts HP restoration from the Flask of CrimsonTears by 20% Crimson Seed Talisman
50%
(DLC) Boosts HP restoration from the Flask ofCrimson Tears by 30% Crimson Seed Talisman +1
50%
Boosts physical damage negation by 20% Dragoncrest Greatshield Talisman
50%
Enhances guarding ability Greatshield Talisman
50%
Raises Stamina Recovery Speed by 17.7% Green Turtle Talisman
50%
Blood Loss in vicinity increases attack power by 20% Lord of Blood's Exultation
50%
Greatly raises attack power with successive attacks Rotten Winged Sword Insignia
50%
Prevents rune loss on death, but will be lost itself in exchange Sacrificial Twig
50%
Raises Intelligence by 5 Stargazer Heirloom
50%
Raises Faith by 5 Two Fingers Heirloom
50%
Boosts the attack power of Skills by 10% Warrior Jar Shard
50%
Raises attack power with successive attacks Winged Sword Insignia
50%
Enhances charged attacks by 10% Axe Talisman
38%
(DLC) Restores 0.5 FP/sec Blessed Blue Dew Talisman
38%
Boosts FP regeneration from the Flask ofCerulean Tears by 20% Cerulean Seed Talisman
38%
(DLC) Boosts HP restoration from the Flask ofCerulean Tears by 30% Cerulean Seed Talisman +1
38%
Enhances guard counters by 20% Curved Sword Talisman
38%
Raises maximum HP by 3%, stamina by7%. and equip load by 5% Erdtree's Favor
38%
Raises fire damage by 12%, but increases physical damage taken by 10% Fire Scorpion Charm
38%
Boosts fire damage negation by 13% Flamedrake Talisman
38%
Raises potency of Incantations by 8% Flock's Canvas Talisman
38%
(DLC) Boosts holy damage negation by 22% Golden Braid
38%
Raises potency of Sorceries by 8% Graven-Mass Talisman
38%
Raises potency of Sorceries by 4% Graven-School Talisman
38%
Raises maximum equip load by 19% Great-Jar's Arsenal
38%
Raises lightning damage by 12%, but increases physical damage taken by 10% Lightning Scorpion Charm
38%
Raises magic damage by 12%, but increases physical damage taken by 10% Magic Scorpion Charm
38%
Raises Dexterity by 5, and raises attack power with successive attacks Millicent's Prosthesis
38%
Extends Spell effect duration by 30% Old Lord's Talisman
38%
Raises Vitality by 90 Prince of Death's Pustule
38%
(DLC) Enhances attacks by 45% after maintainingthe same stance for 1 second Rellana's Cameo
38%
Enhances roars and breath attacks by 15% Roar Medallion
38%
Constantly attracts enemies aggression Shabriri's Woe
38%
Raises Strength by 5 Starscourge Heirloom
38%
Enhances the final hit of chain attacks by 45% Twinblade Talisman
38%
(DLC) Enhances attacks with two-handed weapons by 15% Two-Handed Sword Talisman
38%
Raises maximum stamina by 11% Viridian Amber Medallion
38%
Raises maximum stamina by 13% Viridian Amber Medallion +1
38%
Raises maximum stamina by 15% Viridian Amber Medallion +2
38%
(DLC) Raises maximum stamina by 17% Viridian Amber Medallion +3
38%
Increases bow effective range by 65% Arrow's Reach Talisman
25%
Raises attack power of arrows and bolts by 10% Arrow's Sting Talisman
25%
Critical hits restore 15 FP Assassin's Cerulean Dagger
25%
Critical hits restore 10% +85 HP Assassin's Crimson Dagger
25%
(DLC) Increases attack power by 20% for 20 seconds aftereach critical hit Blade of Mercy
25%
Raises attack power with lower Equip Load Blue Dancer Charm
25%
Reduces damage taken by 50% when HP is below 20% Blue-Feathered Branchsword
25%
Boosts lightning damage negation by 13% Boltdrake Talisman
25%
Boosts lightning damage negation by 17% Boltdrake Talisman +1
25%
Boosts lightning damage negation by 20% Boltdrake Talisman +2
25%
(DLC) Boosts lightning damage negation by 22% Boltdrake Talisman +3
25%
Raises Focus by 140 Clarifying Horn Charm
25%
Raises Focus by 190 Clarifying Horn Charm +1
25%
(DLC) Raises Focus by 230 Clarifying Horn Charm +2
25%
Conceals wearer while crouching away from foes Concealing Veil
25%
Improves dodge rolling by +6 i-frames, but increasesdamage taken by 30% Crucible Feather Talisman
25%
Increases damage taken by 100% Daedicar's Woe
25%
Enhances critical damage by 17% Dagger Talisman
25%
Raises maximum HP by 3.5%, stamina by8.5%. and equip load by 6.5% Erdtree's Favor +1
25%
Raises maximum HP by 4%, stamina by10%. and equip load by 8% Erdtree's Favor +2
25%
Raises potency of Incantations by 4% Faithful's Canvas Talisman
25%
Boosts fire damage negation by 17% Flamedrake Talisman +1
25%
Boosts fire damage negation by 20% Flamedrake Talisman +2
25%
(DLC) Boosts fire damage negation by 22% Flamedrake Talisman +3
25%
Successive attacks restore 3% +30 HP Godskin Swaddling Cloth
25%
Increases runes obtained from defeated enemies by 20% Gold Scarab
25%
Boost holy damage negation by 13% Haligdrake Talisman
25%
Boost holy damage negation by 17% Haligdrake Talisman +1
25%
Boost holy damage negation by 20% Haligdrake Talisman +2
25%
Enhances stamina-reducing attacks againstblockers Hammer Talisman
25%
Take on appearance of a cooperator Host's Trick-Mirror
25%
Raises Immunity by 90 Immunizing Horn Charm
25%
Raises Immunity by 140 Immunizing Horn Charm +1
25%
(DLC) Raises Immunity by 180 Immunizing Horn Charm +2
25%
Poisoning or Rot in vicinity increases attack power by 20% Kindred of Rot's Exultation
25%
Enhances attacks on horsebackby 15% Lance Talisman
25%
Makes the wearer immune to survivable fall damage Longtail Cat Talisman
25%
Increases Memory Slots by 2 Moon of Nokstella
25%
Boosts elemental damage negation by 5% Pearldrake Talisman
25%
Boosts elemental damage negation by 7% Pearldrake Talisman +1
25%
Boosts elemental damage negation by 9% Pearldrake Talisman +2
25%
(DLC) Boosts elemental damage negation by 11% Pearldrake Talisman +3
25%
Raises potency of Perfume items by 20% Perfumer's Talisman
25%
Raises Dexterity by 5 Prosthesis-Wearer Heirloom
25%
Raises attack power by 20% when HP is below 20% Red-Feathered Branchsword
25%
Reduces damage taken by 30% when HP is at maximum Ritual Shield Talisman
25%
Raises attack power by 10% when HP is at maximum Ritual Sword Talisman
25%
Raises holy damage by 12%, but increases physical damage taken by 10% Sacred Scorpion Charm
25%
Raises Item Discovery by 75% Silver Scarab
25%
Enhances counterattacks unique to piercingweapons by 15% Spear Talisman
25%
Boosts magic damage negation by 13% Spelldrake Talisman
25%
Boosts magic damage negation by 17% Spelldrake Talisman +1
25%
Boosts magic damage negation by 20% Spelldrake Talisman +2
25%
(DLC) Boosts magic damage negation by 22% Spelldrake Talisman +3
25%
Restore's 3% +30 HP after defeating an enemy Taker's Cameo
25%
(DLC) Raises Stamina Recovery Speed by 22.5% Two-Headed Turtle Talisman
25%
(DLC) Takes 10% less damage when at heavy laod, and 20% less damage when overloaded Verdigris Discus
25%
(DLC) Madness in vicinity increases attack power by 20% Aged One's Exultation
13%
(DLC) Boosts resistance stats by roughly350 for a short time after a status effect is applied to you Ailment Talisman
13%
(DLC) Increases the effective range of bows by50% and raises attack power of arrows and bolts by 8% Arrow's Soaring Sting Talisman
13%
Raises maximum equip load by 15% Arsenal Charm Talisman
13%
Raises maximum equip load by 17% Arsenal Charm Talisman +1
13%
(DLC) Shortens Spell casting time by the utmost,but increases damage taken by 30% Beloved Stardust
13%
Raises poise by 33% Bull-Goat's Talisman
13%
Raises potency of Throwing Pots by 20% Companion Jar
13%
Reduces damage and impact of headshots taken by33% Crucible Knot Talisman
13%
Boosts physical damage negation by 10% Dragoncrest Shield Talisman
13%
Boosts physical damage negation by 13% | Boosts physical damage negation by 17% Dragoncrest Shield Talisman +2
13%
(DLC) Raises attack power by 15% for 20 seconds whensummoned spirit dies Dried Bouquet
13%
(DLC) Raises damage of storms by 10% Enraged Divine Beast
13%
(DLC) Improves backsteps but increases damagetaken by 15% Fine Crucible Feather Talisman
13%
Takes on appearance of a host of fingers Furled Finger's Trick-Mirror
13%
Raises Immunity, Robustness, and Focus by 40 Mottled Necklace
13%
Raises Immunity, Robustness, and Focus by 60 Mottled Necklace +1
13%
(DLC)Raises Immunity, Robustness, andFocus by 100 Mottled Necklace +2
13%
(DLC) Raises Arcane by 5 Outer God Heirloom
13%
Spells consume 25% less FP, but maximum HPis reduced by 15% Primal Glintstone Blade
13%
Raises Vitality by 140 Prince of Death's Cyst
13%
(DLC) Boosts attack power of precision-aimedshots by 12% Sharpshot Talisman
13%
(DLC) Raises potency of kicking and stompingSkills by 10% Shattered Stone
13%
Raises Robustness by 90 Stalwart Horn Charm
13%
Raises Robustness by 140 Stalwart Horn Charm +1
13%
(DLC) Raises Robustness by 180 Stalwart Horn Charm +2
13%
(DLC) Sleep in vicinity increases attack power by 20% St Trina's Smile
13%
(DLC) Grants effects of all crucible talismans, butincreases damage taken by 45% Talisman of all Crucibles
13%
(DLC) Increases poise by 54% after using a flask of tears Talisman of Lord's Bestowal
13%
(DLC) Raises potency of magma attacks by 15% Talisman of the Dread
13%
Restores 15 FP after defeating an enemy Ancestral Spirits Horn
0%
Lowers FP consumed by Skills 25% Carian Filigreed Crest
0%
Eliminates all sound made by the wearer during movement Cerpus's Vial
0%
Reduces critical damage taken by 30% Crucible Scale Talisman
0%
(DLC) Raises attack power by 15% for 20 seconds afterdefeating an enemy Crusade Insigna
0%
Changes demeanor of wearer's actions (Unavailable in Game) Entwining Umbilical Cord
0%
(DLC) Enhances dash attacks by 15% in PvEand 7.5% in PvP Lacerating Crossed-Tree
0%
(DLC) Boosts all non-physical damage negation by 20% while guarding Pearl Shield Talisman
0%
(DLC) Enhances attacks executed after rolling or backstepping by 17% Retaliatory Crossed-Tree
0%
(DLC) Enhances weapon throwing attacks by 10% Smithing Talisman
0%
No matching quizzes found
Score Distribution
Percent of People with Each Score
Percentile by Number Answered
Your Score History
You have not taken this quiz